MAASAI MARA UNIVERSITY

LIBRARY CATALOGUE

Contact Us: +254 020 2685356/7 or 0774 057787

Box: 861-20500, NAROK, KENYA

Email: info@mmarau.ac.ke

_Antigoni (Record no. 5952)

MARC details
000 -LEADER
fixed length control field 00316nam a2200121Ia 4500
008 - FIXED-LENGTH DATA ELEMENTS--GENERAL INFORMATION
fixed length control field 151021s9999 xx 000 0 und d
020 ## - INTERNATIONAL STANDARD BOOK NUMBER
International Standard Book Number 9.7899660615e+012
050 ## - LIBRARY OF CONGRESS CALL NUMBER
Classification number PA4413.w3752009
245 ## - TITLE STATEMENT
Title _Antigoni
260 ## - PUBLICATION, DISTRIBUTION, ETC. (IMPRINT)
Place of publication, distribution, etc. Nairobi Longman Kenya Ltd 2009
300 ## - PHYSICAL DESCRIPTION
Extent xiv,77p.
980 ## - EQUIVALENCE OR CROSS-REFERENCE-SERIES STATEMENT--PERSONAL NAME/TITLE [LOCAL, CANADA]
Personal name ^d20110107 03:37:26^oanne

No items available.

© 2016 Maasai Mara University.